00460 2200181 4500001002100000008004100021035002000062245004000082100001500122260003700137300002000174020002200194084001400216082000800230650001000238990001500248990001500263INLIS000000000003194 ind  a0010-1225000015 aAyahku (Bukan) PembohongcTere Liye aLiye, Tere aDepok :bPT Sabak Grip Nusantara a300c13,5x20 cm a978-623-88289-5-1 a813 LIY a a813 aFiksi a19620/B/26 a19621/B/26